header

Egyptian encounters (Record no. 87652)

MARC details
000 -LEADER
fixed length control field 01249nam a2200325 a 4500
245 00 - TITLE STATEMENT
Title Egyptian encounters
260 ## - PUBLICATION, DISTRIBUTION, ETC. (IMPRINT)
Place of publication Cairo :
Name of publisher American University in Cairo Press,
Year of publication 2002.
300 ## - PHYSICAL DESCRIPTION
Number of Pages 171 p. :
Other physical details ill.
490 1# - SERIES STATEMENT
Series statement Cairo papers in social science ;
700 1# - ADDED ENTRY--PERSONAL NAME
Personal name Thompson, Jason.
856 40 - ELECTRONIC LOCATION AND ACCESS
Uniform Resource Identifier http://site.ebrary.com/lib/rucke/Doc?id=10413312

No items available.

© 2026 Rongo University
Contact us: librarian | system librarian | Rongo university